000 00807nam a2200193 a 4500
003 0
005 20250515120036.0
008 970101s19uu xx 00 eng d
050 _aPHS HE 199.F7
_b.A35 2004
100 _aAbila, Patricia Anna O.
245 _aThe Role of the freight forwarding in the gross domestic product (GDP) of the Philippines /
_cPatricia Anna O. Abila.
260 _aLas PiƱas City, Philippines :
_bSouthville International School and Colleges,
_c2004.
300 _a71 pages :
_billustrations ;
_c28 cm.
504 _aIncludes bibliographical references.
650 _2Library of Congress Subject Heading
_aFreight forwarders
_zPhilippines.
650 _2Library of Congress Subject Heading
_aGross domestic product
_zPhilippines.
942 _2lcc
_cPASS
999 _c99101
_d99101